Analýza vzdelávania dospelých na stredných školách v Trenčianskom kraji v súčasných podmienkach
Štúdium popri zamestnaní, pomaturitné a nadstavbové štúdium. Realizácia pomaturitného vzdelávania ako neoddeliteľná súčasť vzdelávania dospelých. Výsledky výskumu štúdia popri zamestnaní realizovaného v Trenčianskom kraji.
Na minha lista:
| Autor principal: | |
|---|---|
| Formato: | Capítulo de Livro |
| Idioma: | eslovaco |
| Assuntos: | |
| Tags: |
Sem tags, seja o primeiro a adicionar uma tag!
|
MARC
| LEADER | 00000naa a2200000 4500 | ||
|---|---|---|---|
| 001 | r040868 | ||
| 005 | 20230918123558.6 | ||
| 041 | 0 | |a slo | |
| 044 | |a SK | ||
| 245 | 1 | 0 | |a Analýza vzdelávania dospelých na stredných školách v Trenčianskom kraji v súčasných podmienkach |c Ľubica Straková |
| 520 | |a Štúdium popri zamestnaní, pomaturitné a nadstavbové štúdium. Realizácia pomaturitného vzdelávania ako neoddeliteľná súčasť vzdelávania dospelých. Výsledky výskumu štúdia popri zamestnaní realizovaného v Trenčianskom kraji. | ||
| 610 | 2 | 0 | |a vzdelávanie ďalšie |
| 610 | 2 | 0 | |a vzdelávanie permanentné |
| 610 | 2 | 0 | |a vzdelanie odborné |
| 610 | 2 | 0 | |a školy odborné stredné |
| 610 | 2 | 0 | |a školy učňovské |
| 610 | 2 | 0 | |a štúdium diaľkové |
| 610 | 2 | 0 | |a výskum |
| 610 | 2 | 0 | |a Trenčiansky kraj |
| 100 | 1 | |a Straková, Ľubica | |